Manual do Jr︢i

Detalles Bibliográficos
Autor principal: Dirceu Barros, Francisco
Formato: eBook
Lenguaje:portugués
Publicado: San Pablo: JH Mizuno, 2018
Materias:
Acceso en línea:Acceso restringido

MARC

LEADER 00000nam a22000007a 4500
005 2019072301371.0
007 cr|||| ||||
008 190723s2018 br |||||s|||| 00||0 por d
035 |a 23852 
040 |a vLex 
090 |c 9057  |d 9057 
100 1 |a Dirceu Barros, Francisco 
245 1 0 |a Manual do Jr︢i  |h [Recurso electrn̤ico] /  |c Francisco Dirceu Barros 
256 |a Servicio en ln̕ea 
260 |a San Pablo:  |b JH Mizuno,  |c 2018 
300 |a 1 recurso electrn̤ico 
500 |a Com a reforma do jr︢i, infelizmente, grandes cls̀sicos referentes ao tribunal do jr︢i, como: O Jr︢i, de Hermn̕io Alberto Marques, O Jr︢i Sob Todos Os Aspectos, de Ruy Barbosa, A Instituiȯ̂ do Jr︢i, de Jos ̌Frederico Marques, Jury, de Firmino Whitaker, ficaram parcialmente desatualizados. Mesmo tendo a reforma elidido controvřsias e liė̳s seculares tentei, a todo custo, preservar as liė̳s de histr̤icos doutrinadores, entre os quais podemos citar: Pimenta Bueno, Bento de Faria, Borges da Rosa, Espn̕ola Filho, Jos ̌Frederico Marques, Edgar de Moura Bittencourt, Hermn̕io Alberto Marques Porto, Rui Barbosa, Pontes de Miranda, Joô Mendes Jn︢ior, Jl︢io Fabbrini Mirabete, Rogřio Lauria Tucci, Tm̤az Carvalhal, Magarino Torres, Roberto Lyra, James Tubenchiak, Hľio Tornaghi, Guilherme de Souza Nucci, entre outros, que aliados aos abalizados ensinamentos do grande Tourinho Filho formam a base e o contexto ideolg̤ico de todo sistema processual penal moderno. Assim, in casu, foram mantidas liė̳s histr̤icas do melhor da doutrina. 
506 1 |a Disponible solo en los productos indicados  |d vLex Global  |d vLex Global (Academic Edition, excluding Law Schools)  |d vLex Global (U.S. Academic Edition, Law Schools)  |d vLex Global (U.S. Academic Edition, excluding Law Schools)  |d vLex Global (Academic Edition, Law Schools) 
650 0 4 |a Procedimiento Penal  |z Brasil 
740 0 |a vLex Libros (Servicio en ln̕ea) 
856 4 0 |u http://vlex.com/source/manual-do-juri-23852  |z Acceso restringido 
942 |c BOOK 
999 0 |a Penal procedure